| 000 | 00682nam a2200193 a 4500 | ||
|---|---|---|---|
| 005 | 20221118063534.0 | ||
| 008 | 991125s1916 mx 000 0 spa u | ||
| 035 | _aUPN01000038301 | ||
| 049 | _aLT | ||
| 050 | 4 |
_aLB1573 M6.3 _bR6.5 |
|
| 100 | 1 | _aRoss, María Luisa | |
| 245 | 1 | 0 |
_aMemorias de una niña : _blibro de lectura para las alumnas de tercer año de las escuelas elementales / _cpor María Luisa Ross. |
| 260 |
_aMéxico : _bVda. de Ch. Bouret, _c1916. |
||
| 300 |
_a128 p. : _bil. |
||
| 500 | _a"Hogar y escuela" | ||
| 500 | _a"Escrito conforme al programa vigente de educación primaria" | ||
| 650 | 4 |
_aLectura _xEstudio y enseñanza (Elemental) _92805 |
|
| 905 | _aLibro | ||
| 999 |
_c38301 _d38301 |
||